Responsabilidad estatal frente a los hechos de actores privados: jurisprudencia internacional

Guardat en:
Dades bibliogràfiques
Autor principal: Attanasio, David L (Autor)
Format: Llibre
Idioma:espanyol
Publicat: Bogotá Universidad de Los Andes 2016
Edició:1a. ed
Matèries:
Etiquetes: Afegir etiqueta
Sense etiquetes, Sigues el primer a etiquetar aquest registre!

MARC

LEADER 00000cam a2200000 a 4500
001 UCC9463
003 CL-VaPUC
008 190927e20160000ck |||||||||||||||||spa|d
020 |a 9789583511134 
082 0 4 |a 341.26  |b ATT  |2 21 
100 0 |a Attanasio, David L  |e author  |9 604548 
245 1 0 |a Responsabilidad estatal frente a los hechos de actores privados: jurisprudencia internacional 
250 |a 1a. ed 
300 |a 166 p 
942 |c BK 
945 |d 20190927 15:31:00  |a dcastane 
260 |a Bogotá  |b Universidad de Los Andes  |c 2016 
650 0 |a Derecho internacional  |9 255637 
650 0 |a Responsabilidad del estado  |9 258115 
650 7 |a PROTECCION DE LOS DERECHOS HUMANOS  |2 CL-VaPUC  |9 452271 
650 0 |a Violaciones de los derechos humanos  |9 338464 
583 |a last modification  |c 20190927 15:31:00  |k Rodrigo Vera 
999 |c 375644  |d 375642 
952 |0 0  |1 0  |3 erb  |4 0  |6 341_260000000000000_ATT_2016  |7 0  |8 WP_COW  |9 561462  |a BIBDER  |b BIBDER  |e Fundación W and P Cowley  |i 5605253  |o 341.26 ATT 2016  |p 5605253  |r 2023-01-25  |w 2020-03-12  |y BK  |z Catalogado en:20190927  |k WPC